000 00336nam a22001337a 4500
003 OSt
005 20231127143224.0
008 231127b |||||||| |||| 00| 0 eng d
040 _cCO-JMCR
082 _aA /
_bWENa
100 _aWen Amèlia
_eautora
_942945
245 _aBlood Heir
_b La princesa roja /
_cAmèlia Wen
942 _2ddc
_cBK
999 _c30341
_d16725